Ontología del lenguaje / (Registro nro. 69223)
[ vista simple ]
| 000 -LEADER | |
|---|---|
| fixed length control field | 01018aam a2200301 i 4500 |
| 001 - CONTROL NUMBER | |
| control field | 69223 |
| 003 - CONTROL NUMBER IDENTIFIER | |
| control field | Mx-PuUPA |
| 005 - DATE AND TIME OF LATEST TRANSACTION | |
| control field | 20220302080951.0 |
| 008 - FIXED-LENGTH DATA ELEMENTS--GENERAL INFORMATION | |
| fixed length control field | 200922s2019 ag ||||gr|||| 001 0 spa d |
| 020 ## - INTERNATIONAL STANDARD BOOK NUMBER | |
| International Standard Book Number | 978906413521 |
| 040 ## - CATALOGING SOURCE | |
| Original cataloging agency | Mx-PuUPA |
| Language of cataloging | spa |
| Transcribing agency | Mx-PuUPA |
| Modifying agency | Mx-PuUPA |
| Description conventions | rda |
| 041 0# - LANGUAGE CODE | |
| Language code of text/sound track or separate title | spa |
| 100 1# - MAIN ENTRY--PERSONAL NAME | |
| 9 (RLIN) | 10997 |
| Personal name | Echeverría, Rafael, |
| Relator term | autor |
| 245 10 - TITLE STATEMENT | |
| Title | Ontología del lenguaje / |
| Statement of responsibility, etc. | Rafael Echeverría ; J. C. Sáez, editor |
| 250 ## - EDITION STATEMENT | |
| Edition statement | 1a. edición |
| 264 #1 - PRODUCTION, PUBLICATION, DISTRIBUTION, MANUFACTURE, AND COPYRIGHT NOTICE | |
| Place of production, publication, distribution, manufacture | Buenos Aires, Argentina : |
| Name of producer, publisher, distributor, manufacturer | Ediciones Granica, |
| Date of production, publication, distribution, manufacture, or copyright notice | [2019?] |
| 300 ## - PHYSICAL DESCRIPTION | |
| Extent | 419 páginas ; |
| Dimensions | 22 cm |
| 336 ## - CONTENT TYPE | |
| Fuente | rdacontent |
| Content type term | texto |
| Content type code | txt |
| 337 ## - MEDIA TYPE | |
| Source | rdamedia |
| Media type term | sin medio |
| Media type code | n |
| 338 ## - CARRIER TYPE | |
| Source | rdacarrier |
| Carrier type term | volumen |
| Carrier type code | nc |
| 650 #4 - SUBJECT ADDED ENTRY--TOPICAL TERM | |
| Topical term or geographic name entry element | Lenguaje y lenguas |
| General subdivision | Filosofía |
| 650 #4 - SUBJECT ADDED ENTRY--TOPICAL TERM | |
| Topical term or geographic name entry element | Antropología filosófica |
| 700 1# - ADDED ENTRY--PERSONAL NAME | |
| Personal name | Sáez, J. C., |
| Relator term | editor |
| 942 ## - ADDED ENTRY ELEMENTS (KOHA) | |
| Source of classification or shelving scheme | Dewey Decimal Classification |
| Koha item type | Libro |
| Classification part | 401 |
| Item part | E185 |
| Withdrawn status | Lost status | Source of classification or shelving scheme | Damaged status | Not for loan | Collection code | Home library | Current library | Shelving location | Date acquired | Source of acquisition | Cost, normal purchase price | Total Checkouts | Full call number | Barcode | Date last seen | Cost, replacement price | Price effective from | Koha item type | Copy number |
|---|---|---|---|---|---|---|---|---|---|---|---|---|---|---|---|---|---|---|---|
| Dewey Decimal Classification | General | Biblioteca Karol Wojtyla | Biblioteca Karol Wojtyla | Sala general | 17/02/2021 | 1 | 567.00 | 401 E185 2019 | 101846 | 05/01/2026 | 567.00 | 17/02/2021 | Libro | ||||||
| Dewey Decimal Classification | General | Biblioteca Karol Wojtyla | Biblioteca Karol Wojtyla | Sala general | 17/02/2021 | 1 | 567.00 | 401 E185 2019 | 101847 | 05/01/2026 | 567.00 | 17/02/2021 | Libro | Ej.2 |